000 00504nam a2200181Ia 4500
003 GCL
008 140319s9999 xx 000 0 eng d
040 _aGCL /
_cGCL
082 0 4 _aREF
_b621.3810321
_bG E
100 1 _aGIBILISCO,STAN
245 1 0 _aENCYCLOPEDIA OF ELECTRONICS /
_cGIBILISCO,STAN
260 _a[S.N] :
_bTAB PROFESSIONAL AND REFERENCE BOOKS ،
_c1985
300 _a982P
650 0 4 _aELECTRONICS
650 0 4 _aCOMMUNICATIONS
650 0 4 _aELECTRONICS - DICTIONARIES
942 _2ddc
_cBK
999 _c12199
_d12199